Zadymiarze z Brawl Stars na wszystkie litery - Statystyki

Ogólne statystyki
  • Ten quiz został rozwiązany 59 razy
  • Średni wynik to 46 z 80
Statystyki odpowiedzi
Zadymiarze Zadymiarze % Poprawnych
Zadymiarze na S Shelly
88%
Zadymiarze na B Bull
85%
Zadymiarze na B Bo
83%
Zadymiarze na C Colt
83%
Zadymiarze na B Barley
78%
Zadymiarze na F Frank
78%
Zadymiarze na B Bibi
75%
Zadymiarze na T Tick
75%
Zadymiarze na A Amber
73%
Zadymiarze na B Brock
73%
Zadymiarze na D Dynamike
70%
Zadymiarze na E El primo
70%
Zadymiarze na L Leon
70%
Zadymiarze na C Cordelius
68%
Zadymiarze na N Nita
68%
Zadymiarze na J Jessie
68%
Zadymiarze na S Spike
68%
Zadymiarze na B Bea
65%
Zadymiarze na K Kruk
65%
Zadymiarze na D Darryl
63%
Zadymiarze na H Hank
63%
Zadymiarze na J Jacky
63%
Zadymiarze na M Mandy
63%
Zadymiarze na P Pam
63%
Zadymiarze na P Pan P
63%
Zadymiarze na P Piper
63%
Zadymiarze na R Rosa
63%
Zadymiarze na S Sandy
63%
Zadymiarze na C Chester
60%
Zadymiarze na D Draco
60%
Zadymiarze na E Edgar
60%
Zadymiarze na O Otis
60%
Zadymiarze na P Poco
60%
Zadymiarze na S Stu
60%
Zadymiarze na T Tara
60%
Zadymiarze na A Angelo
58%
Zadymiarze na B Bonnie
58%
Zadymiarze na E Emz
58%
Zadymiarze na K Kieł
58%
Zadymiarze na M Meg
58%
Zadymiarze na M Melodie
58%
Zadymiarze na M Mortis
58%
Zadymiarze na S Surge
58%
Zadymiarze na B Buzz
55%
Zadymiarze na B Byron
55%
Zadymiarze na C Carl
55%
Zadymiarze na G Gale
55%
Zadymiarze na G Gus
55%
Zadymiarze na L Lola
55%
Zadymiarze na N Nani
55%
Zadymiarze na K Kiełek
53%
Zadymiarze na K Kit
53%
Zadymiarze na L Lou
53%
Zadymiarze na P Penny
53%
Zadymiarze na R Rico
53%
Zadymiarze na W Willow
53%
Zadymiarze na G Grom
50%
Zadymiarze na S Sam
50%
Zadymiarze na B Belle
48%
Zadymiarze na C Chuck
48%
Zadymiarze na C Colette
48%
Zadymiarze na J Janet
48%
Zadymiarze na L Larry i Lawrie
48%
Zadymiarze na M Maisie
48%
Zadymiarze na M Maks
48%
Zadymiarze na R R-T
48%
Zadymiarze na A Ash
45%
Zadymiarze na D Doug
45%
Zadymiarze na L Lily
45%
Zadymiarze na C Charlie
43%
Zadymiarze na G Gene
43%
Zadymiarze na G Gray
43%
Zadymiarze na M Mico
43%
Zadymiarze na P Pearl
43%
Zadymiarze na B Buster
40%
Zadymiarze na G Griff
40%
Zadymiarze na S Squeak
40%
Zadymiarze na E Eve
35%
Zadymiarze na O Ośmiobit
33%
Zadymiarze na P Pułkownik Ruffs
23%
Nie znaleziono quizów pasujących do podanych kryteriów
Rozkład punktacji
Procent ludzi z każdym wynikiem
Percentyl według liczby udzielonych odpowiedzi
Twoja historia wyników
Nie rozwiązałeś tego quizu